Canadian studies in medical geography /

Bibliographic Details
Other Authors: Barrett, Frank A.
Format: Book
Language:English
Published: Downsview, Ont. : Dept. of Geography, Atkinson College, York University, 1980.
Series:Geographical monographs ; no. 8.
Subjects:

MARC

Tag First Indicator Second Indicator Subfields
LEADER 00000cam a22000005a 4500
001 in00000083071
005 20151008055552.0
008 801120s1980 onca b 00000 eng d
020 |a 091960451X 
035 |a (OCoLC)06959649 
035 |9 AAJ3806AM 
040 |a GSU  |c GSU  |d TXA  |d UtOrBLW 
043 |a n-cn--- 
049 |a TXAM  |c [1655086] 
090 |a RA809  |b .C35 
245 0 0 |a Canadian studies in medical geography /  |c Frank A. Barrett, editor. 
264 1 |a Downsview, Ont. :  |b Dept. of Geography, Atkinson College, York University,  |c 1980. 
300 |a vi, 263 pages :  |b illustrations ;  |c 23 cm. 
336 |a text  |b txt  |2 rdacontent 
337 |a unmediated  |b n  |2 rdamedia 
338 |a volume  |b nc  |2 rdacarrier 
490 1 |a Geographical monographs ;  |v no. 8 
500 |a "Commemorative volume." 
504 |a Includes bibliographies. 
650 0 |a Medical geography  |z Canada. 
700 1 |a Barrett, Frank A. 
830 0 |a Geographical monographs ;  |v no. 8. 
999 |a MARS 
999 f f |s 9a0f9d7c-7f24-39b4-a85f-2b4d31b52c08  |i 26717c5a-8670-3a0e-8e42-c931873fa459  |t 0 
952 f f |p ric  |a Texas A&M University  |b Rellis Campus  |c Joint Library Facility  |d Remote Storage  |t 0  |e RA809 .C35  |h Library of Congress classification  |i unmediated -- volume  |m A14806228124 
998 f f |a RA809 .C35  |t 0  |l Remote Storage